00411nam a2200109 a 4500041000800000100002100008245015400029260005200183300001000235440004600245650001000291 aeng aVari, Richard P. aSystematics of the neotropical characiform genus Curimatella Eigenmann and Eigenmann (Pisces: Ostariophysi), with summary comments on the Curimatidae aWashingtonbSmithsonian Institution Pressc1992 a48 p. aSmithsonian Contributions to Zoologyn533 aPeces